| 000 | 01063cam a22002651i 4500 | ||
|---|---|---|---|
| 003 | SA-RiAUC | ||
| 005 | 20241215062033.0 | ||
| 008 | 241214s1990 su g i00000 ara c | ||
| 040 |
_aSA-RIMASH _bara _cSA-RiAUC _erda |
||
| 082 | 0 | 4 | _a255.7 |
| 090 |
_a255.7 _bهـ ل ا |
||
| 100 | 1 |
_aهلال، هلال فرغلي _eمؤلف. |
|
| 245 | 1 | 2 |
_aالنظام الإسلامي في تعويض المضرر من الجريمة / _cهلال فرغلي هلال. |
| 264 | 1 |
_aالرياض : _bالمركز العربي للدراسات الأمنية والتدريب، _c1990 |
|
| 300 |
_a178 صفحة ؛ _c24 سم |
||
| 336 |
_aنص _btxt _2rdacontent _3كتاب |
||
| 337 |
_aبدون وسيط _bn _2rdamedia |
||
| 338 |
_aمجلد _bnc _2rdacarrier |
||
| 650 | 7 |
_aالدية (فقه إسلامي) _2aucsh |
|
| 650 | 7 |
_aالجنايات (فقه إسلامي) _2aucsh |
|
| 650 | 7 |
_aالعقوبات (فقه إسلامي) _2aucsh |
|
| 650 | 7 |
_aالتعويضات (فقه إسلامي) _2aucsh |
|
| 942 |
_2ddc _cBOOK _n0 |
||
| 949 |
_aSA-JeALM _d241214 _umohamedma123 _n1 |
||
| 999 |
_c3507 _d3507 |
||